<?xml version="1.0" encoding="UTF-8"?><?xml-stylesheet type="text/xsl" href="static/style.xsl"?><OAI-PMH xmlns="http://www.openarchives.org/OAI/2.0/" xmlns:xsi="http://www.w3.org/2001/XMLSchema-instance" xsi:schemaLocation="http://www.openarchives.org/OAI/2.0/ http://www.openarchives.org/OAI/2.0/OAI-PMH.xsd"><responseDate>2026-04-17T14:20:06Z</responseDate><request verb="GetRecord" identifier="oai:www.recercat.cat:2117/327796" metadataPrefix="marc">https://recercat.cat/oai/request</request><GetRecord><record><header><identifier>oai:recercat.cat:2117/327796</identifier><datestamp>2025-07-23T02:41:51Z</datestamp><setSpec>com_2072_1033</setSpec><setSpec>col_2072_452951</setSpec></header><metadata><record xmlns="http://www.loc.gov/MARC21/slim" xmlns:dcterms="http://purl.org/dc/terms/" xmlns:xsi="http://www.w3.org/2001/XMLSchema-instance" xmlns:doc="http://www.lyncode.com/xoai" xsi:schemaLocation="http://www.loc.gov/MARC21/slim http://www.loc.gov/standards/marcxml/schema/MARC21slim.xsd">
   <leader>00925njm 22002777a 4500</leader>
   <datafield ind2=" " ind1=" " tag="042">
      <subfield code="a">dc</subfield>
   </datafield>
   <datafield ind2=" " ind1=" " tag="720">
      <subfield code="a">Carles Mollfulleda, Aleix</subfield>
      <subfield code="e">author</subfield>
   </datafield>
   <datafield ind2=" " ind1=" " tag="260">
      <subfield code="c">2020-06-18</subfield>
   </datafield>
   <datafield ind2=" " ind1=" " tag="520">
      <subfield code="a">Aquest projecte vol millorar la sostenibilitat del municipi de Sant Cebrià de Vallalta en els àmbits mediambiental, social i econòmic. Es tracta d’un diagnòstic ambiental el qual es portarà a terme amb l’objectiu de donar pas a la implementació del programa de l’Agenda 21 local al municipi. En aquest treball, es realitza una recopilació de dades de Sant Cebrià de Vallalta per proporcionar un diagnòstic profund seguit d’una planificació estratègica on es donarà un recull dels punts forts i les àrees de millora de cada un dels àmbits estudiats. Tanmateix, es proporcionarà una sèrie d’indicadors de futur i propostes de millora per garantir la sostenibilitat i conservació del municipi.&#xd;
Tot el projecte tractarà exclusivament sobre el territori de Sant Cebrià de Vallalta, comptant amb la informació procedent de la web oficial de l’Ajuntament i del seu Pla d’Ordenació Urbanístic Municipal, de l’Institut d’Estadística de Catalunya a més d’altres departaments de la Generalitat, documents oficials de les Nacions Unides, a més de consultar altres articles i espais web.</subfield>
   </datafield>
   <datafield tag="653" ind2=" " ind1=" ">
      <subfield code="a">Àrees temàtiques de la UPC::Enginyeria mecànica</subfield>
   </datafield>
   <datafield tag="653" ind2=" " ind1=" ">
      <subfield code="a">Environmental impact analysis</subfield>
   </datafield>
   <datafield tag="653" ind2=" " ind1=" ">
      <subfield code="a">Environmental monitoring</subfield>
   </datafield>
   <datafield tag="653" ind2=" " ind1=" ">
      <subfield code="a">Sant Cebrià de Vallalta (Catalonia) -- Environmental aspects</subfield>
   </datafield>
   <datafield tag="653" ind2=" " ind1=" ">
      <subfield code="a">Medi ambient -- Anàlisi d'impacte</subfield>
   </datafield>
   <datafield tag="653" ind2=" " ind1=" ">
      <subfield code="a">Seguiment ambiental</subfield>
   </datafield>
   <datafield tag="653" ind2=" " ind1=" ">
      <subfield code="a">Sant Cebrià de Vallalta (Catalunya) -- Aspectes ambientals</subfield>
   </datafield>
   <datafield ind2="0" ind1="0" tag="245">
      <subfield code="a">Diagnòstic ambiental municipal de Sant Cebrià de Vallalta</subfield>
   </datafield>
</record></metadata></record></GetRecord></OAI-PMH>